000 01248cam a22002771i 4500
003 SA-RiAUC
005 20251102123120.0
008 251031s1947 su f l f00000 ara c
040 _aSA-JeALM
_bara
_cSA-RiAUC
_erda
043 _aa-su---
082 0 4 _a346.53107
_qSA-RiAUC
090 _a346.53107
_bس ع و
110 1 _aالسعودية
_eسلطة تشريعية.
240 1 0 _aنظامي المزايدات والمناقصات العلنية (1361 هجري)
245 1 0 _aنظامي المزايدات والمناقصات العلنية :
_bصدر الأمر السامي بالموافقة على هذين النظامين رقم 5510 ل 17 / 4 / 1361، ورقم 8427 ل 3 / 7 / 1361.
250 _aالطبعة الخامسة.
264 1 _aمكة المكرمة :
_bمطبعة الحكومة،
_c1961
300 _a18 صفحة ؛
_c24 سم
336 _aنص
_btxt
_2rdacontent
_3كتاب
337 _aبدون وسيط
_bn
_2rdamedia
338 _aمجلد
_bnc
_2rdacarrier
650 7 _aالمناقصات والمزايدات
_xقوانين وتشريعات
_zالسعودية
_2aucsh
650 7 _aالقانون التجاري
_zالسعودية
_2aucsh
942 _2ddc
_cBOOK
_n0
949 _aSA-JeALM
_d251031
_umohamedma123
_n1
999 _c12917
_d12917